Economic development quarterly <the> journal of american economic revitalization

Gespeichert in:
Bibliographische Detailangaben
Format: Schriftenreihe
Sprache:Englisch
Veröffentlicht: Newbury Park SAGE Publ 1993
Schlagworte:
Tags: Tag hinzufügen
Keine Tags, Fügen Sie das erste Tag hinzu!

MARC

LEADER 00000nas2a2200000 4500
001 s013643
005 20240109100111.9
022 |a 0891-2424 
041 0 |a eng 
044 |a US 
245 1 0 |a Economic development quarterly  |b <the> journal of american economic revitalization 
264 1 |a Newbury Park  |b SAGE Publ  |c 1993 
300 |a 1 zv. 
773 0 |w eu_un_cat*s120143 
610 2 0 |a hospodárstvo národné 
610 2 0 |a vývoj hospodársky 
610 2 0 |a výskum ekonomický